LEADER 01008nam 2200349 4500 001 990000729490203316 010 $a2-02-020107-0 035 $a0072949 035 $aUSA010072949 035 $a(ALEPH)000072949USA01 035 $a0072949 100 $a20011112d1994----km-y0ENGy0103----ba 101 $afra 102 $aFR 200 1 $a<> grandes crises internationales et le droit$fGilbert Guillame 210 $aParis$cSeuil$dc1994 215 $a318 p.$d18 cm 225 2 $aPoints$iEssais 410 $12001$aPoints$iEssais 606 $aRelazioni internazionali 676 $a327.101 700 1$aGUILLAUME,$bGilbert$0241098 801 0$aIT$bsalbc$gISBD 912 $a990000729490203316 951 $aIG FR VIII 17 341$b11238 G$cIG FR VIII 959 $aBK 969 $aGIU 979 $aPATTY$b90$c20011112$lUSA01$h1107 979 $c20020403$lUSA01$h1721 979 $aPATRY$b90$c20040406$lUSA01$h1650 996 $aGrandes crises internationales et le droit$9660858 997 $aUNISA LEADER 00998nam a22002411i 4500 001 991003857929707536 005 20040623154847.0 008 040802s1913 fr |||||||||||||||||fre 035 $ab13138455-39ule_inst 035 $aARCHE-109106$9ExL 040 $aBiblioteca Interfacoltà$bita$cA.t.i. Arché s.c.r.l. Pandora Sicilia s.r.l. 082 04$a448 100 1 $aMartinon, Philippe$0191198 245 10$aComment on prononce le français :$btraité complet de prononciation pratique avec les noms propres et les mots étrangers /$cPh. Martinon 260 $aParis :$bLarousse,$cc1913 300 $aXI, 414 p. ;$c19 cm 650 4$aLingua francese$xPronuncia 907 $a.b13138455$b02-04-14$c05-08-04 912 $a991003857929707536 945 $aLE002 Fondo Giudici G 422$g1$i2002000216359$lle002$nC. 1$o-$pE0.00$q-$rn$so $t0$u0$v0$w0$x0$y.i13775418$z05-08-04 996 $aComment on prononce le français$9309711 997 $aUNISALENTO 998 $ale002$b05-08-04$cm$da $e-$ffre$gfr $h0$i1